| 000 | 00574nas a22001937a 4500 | ||
|---|---|---|---|
| 008 | 230515uuuuuuuuuag ||||| |||| 00| 0 spa d | ||
| 110 | 1 |
_aSanta Fe (Provincia). _bJunta de Estudios Históricos |
|
| 245 | 1 | 0 | _aRevista de la Junta de Estudios Históricos de Santa Fé. |
| 260 |
_aSanta Fe : _bEdición de la Junta de Estudios Históricos, _c1936. |
||
| 300 | _a1 volumen | ||
| 942 | _cREVISTA | ||
| 999 |
_c46002 _d46002 |
||
| 040 |
_aAR-BaAGN _bspa _eaacr |
||
| 003 | AR-BaAGN | ||
| 005 | 20230516105227.0 | ||
| 007 | ta | ||
| 336 |
_2rdacontent _btxt |
||
| 337 |
_2rdamedia _bn |
||
| 338 |
_2rdacarrier _bnc |
||